carte clash royale contenant des filles - Statistiques

Statistiques générales
  • Ce quiz a été pris 374 fois
    173 depuis la dernière actualisation
  • Le résultat moyen est 11 sur 16
Statistiques - réponses
rareté type élixir réponse % Correct
légendaire combattant 3 princesse
94%
commune combattant 3 archères
91%
rare combattant 4 mousquetaire
88%
épique combattant 5 sorcière
85%
champion combattant 5 reine des archères
84%
rare combattant 4 valkyrie
84%
rare combattant 9 trois mousquetaires
80%
légendaire combattant 4 sorcière de la nuit
70%
commune combattant 3 artificière
68%
légendaire combattant 4 mamie sorcière
68%
légendaire combattant 3 voleuse
63%
commune combattant 5 fripons
59%
épique combattant 7 P.E.K.K.A
48%
légendaire combattant 5 cavabélière
43%
commune troupe de tour princesse de la tour
36%
rare combattant 4 guérisseuse armée
34%
Aucun quiz correspondant
Distribution des résultats
% des personnes avec chaque résultat
Percentile par nombre de réponses
Votre historique - résultats
Vous n’avez pas pris ce quiz depuis la dernière actualisation